000 01047njm a22002657a 4500
005 20100901115333.0
006 a|||||r|||||00| 0
007 sd ammalaaahaa
008 100901t xxu||||| |||| 00| 0 eng d
028 _aECLP 5633
_bHis Master's Voice
035 _aGR-03149
040 _aSED
_cSED
100 _aRajshri
_917891
245 _aHits From Rajshri /
_cby Rajshri ; music by Ravindra Jain ; lyric by Ravindra Jain
_h[Sound recording]
260 _aDUM DUM, India
_bHis Master's Voice
_c1980
300 _a1 Sound disc [Gramophone Recording] :
_banalog, 33 1/3 rpm
_c12 in. (LP)
_fGramophone Record
500 _aBrief record
500 _aRecord Labels : Polydor,Red
505 _aSide-1 Ankhiyon ke jharokhon se-'ankhiyon ke jharokhon se') (Hemlata)--Side-2 (Tera mera saath rahe-'saudagar') (Lata Mangeshkar)
600 _2Hemlata
650 _aFilm songs
_xExcerpts
_zIndia
_917892
700 _aRavindra Jain
_920528
942 _2ddc
_cGR
999 _c46546
_d46546